00362 2200157 4500001002100000005001500021035002000036245004400056100001400100300001100114260003300125082000800158084001400166990001200180990001200192INLIS00000000000211020250527101514 a0010-05250004021 aGemar Bermain Bulu Tangkis /cSyahri A.0 aSyahri A. a76 hlm aSurakarta :bSeti-Aji,c2007 a700 a700 SYA g a0713000 a0713001